| 000 | 00738nam a22002777a 4500 | ||
|---|---|---|---|
| 003 | BUBTL | ||
| 008 | 130612b xxu||||| |||| 00| 0 eng d | ||
| 020 | _a978-93-5036-066-7 | ||
| 024 | _cAvailable | ||
| 037 | _cAvailable | ||
| 040 |
_aMBSTU LIBRARY _dMBSTU LIBRARY |
||
| 082 |
_222 _a530.15RAM |
||
| 100 | _aRajput, B.S. | ||
| 245 | _aMathematical Physics | ||
| 250 | _a23rd | ||
| 260 |
_aIndia _bPragati Prakashon. _cc2011 |
||
| 300 |
_a24 cm. _bxxiv, 874 page. _f10 _g24 cm. |
||
| 600 | _2Mathematical physics. | ||
| 650 | _2Mathematical physics. | ||
| 700 | _aRajput, B.S. | ||
| 856 |
_k0 _l0 _yDownload |
||
| 270 |
_aIndia _bIndia _dIndia |
||
| 365 |
_b874.00 _d874.00 |
||
| 942 |
_2ddc _cBK |
||
| 999 |
_c459 _d459 |
||